000 00523cam a2200217ua 4500
001 6558
005 20260515114052.0
008 140703n ii |||gr||||Z||||||eng
020 _a81-272-2108-2
040 _cMAIN
082 _a336.24
245 _aIncome-tax
_cBy V.P. Gaur
250 _a33rd ed.
260 _aLudhiana:
_bKalyani publishers,
_c2005.
300 _axiv,2/21p.
653 _aPublic finance
653 _aIncome-tax
700 _aGaur,V.P.,
_eAuthor.,
700 _aNarang,D.B.,
_eAuthor.
942 _cBK
999 _c5702
_d5702